000 00714nas a22002057a 4500
003 NALT
005 20211201153538.0
008 180306b th ||||| |||| 00| 0 tha d
022 _a0125393X
040 _aNALT
041 0 _atha
245 1 0 _aวารสารที่ดิน
260 3 _bหจก. ป.สัมพันธ์พาณิชย์
310 _aรายสองเดือน
500 _aยุติการบอกรับตั้งแต่ปีงบประมาณ 2563 เป็นต้นไป
850 _aNALT
866 3 1 _aปีที่ 65 ฉบับที่1-6 (ม.ค.-ธ.ค. 2562)
942 _cJNR
_s1
_2lcc
998 _d2007-12-04 16:47:30.920
_j755
_k จินตนา เอี่ยมคง
999 _c82221
_d82221